000 00497nam a22001577a 4500
003 macl
005 20190528130736.0
008 190528b xxu||||| |||| 00| 0 eng d
040 _cmacl
082 _a891.437/PAR
100 _aपरसाई ,‍हरिशंकर
_975003
245 _aवैष्‍णव की फिसलन
260 _aदिल्‍ली
_bराजकमल प्रकाशन
_c2016
650 _aव्‍यंग्‍य
_975004
942 _2ddc
_cHIN
999 _c59878
_d59878